|
|
|
|
| LEADER |
00000cam a2200000 7i4500 |
| 001 |
0000002200 |
| 005 |
20030322.0 |
| 020 |
0 |
0 |
|a 1853837814
|
| 090 |
0 |
0 |
|a 639.99
|b CRO 2001
|
| 100 |
1 |
0 |
|a CRONK
|h Quentin C. B.
|
| 245 |
1 |
0 |
|a Plant invaders :
|b the threat to natural ecosystems
|c Quentin C.B. Cronk and Janice L. Fuller
|
| 260 |
0 |
0 |
|a London :
|b Earthscan Pub. ,
|c 2001
|
| 300 |
|
|
|a xiv, 241 p. :
|b ill. ;
|c 24 cm.
|
| 440 |
0 |
0 |
|a People and plants conservation manuals
|
| 500 |
0 |
0 |
|a Includes bibliography : p. 211-231 and index
|
| 650 |
0 |
0 |
|a Invasive plant.
|
| 650 |
0 |
0 |
|a Invasive plants
|x Control
|
| 650 |
0 |
0 |
|a Plant conservation
|
| 650 |
0 |
0 |
|a Plant invasions
|
| 700 |
0 |
1 |
|a Fuller
|h Janice L.
|
| 998 |
|
|
|a JPSM
|
| 999 |
|
|
|a 0000003711
|b Monograph
|c Open Shelf
|e Default branch
|